000 00879nam a2200253Ia 4500
008 191130s2009##################000#0#eng##
020 _a9781420078534
022 _a2008046486
040 _aACL
_cACL
082 _a362.1068 NAS
245 _aGovernance for health care providers : the call to leadership
_cedited by David B. Nash, William J. Oetgen, Valerie P. Pracilio ; forerword by Michael D. Connelly
260 _aPortland, OR
_bProductivity Press
_cc2009
300 _axvii, 339 p. : ill. ; 24 cm
500 _aIncludes bibliographical references and index
650 _aHealth facilities administration
650 _aHealth services administrators
650 _aLeadership
700 _aNash, David B
700 _aOetgen, William J
700 _aPracilio, Valerie P
990 _ad461a7faac10000c4cfb1e3e942aec5c
991 _a365531
999 _c196964
_d196964